000 00677cam a2200145 4500500
005 20260208010136.0
041 _afre
042 _adc
100 1 0 _aVibert, Bertrand
_eauthor
245 0 0 _aÉVANGHÉLIA STEAD, La Chair du livre. Matérialité, imaginaire et poétique du livre fin-de-siècle. Paris, Presses Universitaires de Paris-Sorbonne, « Histoire de l’imprimé », 2012. Un vol. de 566 p.
260 _c2013.
500 _a2
786 0 _nRevue d'histoire littéraire de la France | 113 | 3 | 2013-09-25 | p. 691p-720p | 0035-2411
856 4 1 _uhttps://shs.cairn.info/revue-d-histoire-litteraire-de-la-france-2013-3-page-691p?lang=fr&redirect-ssocas=7080
999 _c1655264
_d1655264